[Event "London Weekend op 12"]
[Site "London"]
[Date "2016.12.10"]
[Round "3"]
[White "Manfay, Mate"]
[Black "Salem, Ihab"]
[Result "1-0"]
[WhiteElo "2184"]
[BlackElo "2049"]
[PlyCount "69"]
[EventDate "2016.12.09"]
[EventType "swiss"]
[EventRounds "5"]
[EventCountry "ENG"]
[SourceTitle "CBM 176 Extra"]
[Source "ChessBase"]
[SourceDate "2017.03.02"]
[SourceVersion "1"]
[SourceVersionDate "2017.03.02"]
[SourceQuality "1"]

1. d4 Nf6 2. Bg5 d5 3. Bxf6 exf6 4. e3 c5 5. Nf3 Nc6 6. Be2 Bf5 7. c3 c4 8. 0-0 Bd6 9. Nbd2 0-0 10. Nh4 Be6 11. e4 dxe4 12. Nxe4 Bxh2+ 13. Kxh2 f5 14. Nxf5 Bxf5 15. Ng3 Be6 16. Rh1 Bd5 17. Bf3 Re8 18. Kg1 Re6 19. Bxd5 Qxd5 20. Rh5 Qd7 21. d5 Rd6 22. Qc2 g6 23. dxc6 bxc6 24. Re5 Rd2 25. Qe4 Rb8 26. Re7 Qd6 27. Re8+ Rxe8 28. Qxe8+ Kg7 29. Qe3 Rxb2 30. Re1 Rxa2 31. Qg5 Qf8 32. Nh5+ Kh8 33. Qf6+ Kg8 34. Re8 gxh5 35. Qg5+ 1-0

[Event "HUN-chT2 Asztalos 1314"]
[Site "Hungary"]
[Date "2014.04.13"]
[Round "8.2"]
[White "Botos, Ferenc"]
[Black "Manfay, Mate"]
[Result "0-1"]
[WhiteElo "2194"]
[BlackElo "2179"]
[PlyCount "114"]
[EventDate "2013.09.08"]
[EventType "team-tourn"]
[EventRounds "9"]
[EventCountry "HUN"]
[SourceTitle "EXT 2016"]
[Source "ChessBase"]
[SourceDate "2015.10.08"]
[SourceVersion "1"]
[SourceVersionDate "2015.10.08"]
[SourceQuality "1"]
[WhiteTeam "Fehervar"]
[BlackTeam "Marcali"]
[WhiteTeamCountry "HUN"]
[BlackTeamCountry "HUN"]

1. d4 Nf6 2. Nc3 d5 3. Bg5 Nbd7 4. Nf3 e6 5. e4 dxe4 6. Nxe4 Be7 7. Bxf6 Nxf6 8. Bd3 Bd7 9. Ne5 0-0 10. Qf3 Bc6 11. Nxc6 bxc6 12. c3 Rb8 13. 0-0 Rxb2 14. Rfb1 Rb6 15. a4 Qd5 16. Nxf6+ Bxf6 17. Be4 Qa5 18. Bxc6 Rfb8 19. Rb5 Rxb5 20. Bxb5 c5 21. Rd1 cxd4 22. cxd4 a6 23. Bc6 Bxd4 24. g3 Qc5 25. Be4 g6 26. Bd3 Rb2 27. Rf1 a5 28. Bb5 Kg7 29. Kg2 Qa7 30. Be2 Qb6 31. Bb5 h5 32. h4 Ra2 33. Be8 Qa7 34. Bb5 Qc5 35. Be8 Qe7 36. Bc6 Qf6 37. Qxf6+ Kxf6 38. Kf3 Ke7 39. Bb5 Rc2 40. Kg2 f5 41. Kf3 e5 42. Kg2 e4 43. Ba6 e3 44. Kf3 exf2 45. Rd1 Rc3+ 46. Kg2 Be5 47. Rd3 f1Q+ 48. Kxf1 Rxd3 49. Bxd3 Bxg3 50. Kg2 Bxh4 51. Kf3 Kf6 52. Bb5 Be1 53. Be8 Bb4 54. Kg3 Be1+ 55. Kf3 h4 56. Ke2 Bg3 57. Kf3 g5 0-1

[Event "Budapest-chT1 Lilienthal 1314"]
[Site "Budapest"]
[Date "2014.02.23"]
[Round "8"]
[White "Csillag, Janos"]
[Black "Manfay, Mate"]
[Result "1/2-1/2"]
[WhiteElo "1937"]
[BlackElo "2179"]
[PlyCount "86"]
[EventDate "2013.09.29"]
[EventType "team-tourn"]
[EventRounds "11"]
[EventCountry "HUN"]
[SourceTitle "EXT 2021"]
[Source "ChessBase"]
[SourceDate "2020.10.23"]
[SourceVersion "1"]
[SourceVersionDate "2020.10.23"]
[SourceQuality "1"]
[WhiteTeam "Taban Spartacus II"]
[BlackTeam "SENSE"]
[WhiteTeamCountry "HUN"]
[BlackTeamCountry "HUN"]

1. d4 Nf6 2. c4 c5 3. d5 b5 4. cxb5 a6 5. e3 e6 6. Nc3 Bb7 7. e4 axb5 8. Bxb5 Qb6 9. a4 Ba6 10. Bxa6 Nxa6 11. Nge2 Nb4 12. 0-0 Be7 13. Bf4 d6 14. Ra3 0-0 15. dxe6 fxe6 16. Ng3 c4 17. Be3 Qc6 18. Nb5 Nd3 19. Nd4 Qd7 20. Rxd3 cxd3 21. b3 d5 22. Qxd3 e5 23. Ndf5 d4 24. Bd2 Rfc8 25. b4 Bf8 26. b5 Rxa4 27. Rb1 Qf7 28. b6 Qc4 29. Qf3 Qe6 30. h4 Rb8 31. Nh5 Nxh5 32. Qxh5 Qg6 33. Qe2 Rxb6 34. Rc1 Rc6 35. Rb1 Rb6 36. Rc1 Rc6 37. Rb1 Rac4 38. h5 Qf7 39. Qg4 Kh8 40. Rb8 Rc8 41. Rxc8 Rxc8 42. Nd6 Bxd6 43. Qxc8+ Qf8 1/2-1/2

[Event "HUN-chT2 Asztalos 1314"]
[Site "Hungary"]
[Date "2013.09.22"]
[Round "2.3"]
[White "Balazs, Imre"]
[Black "Manfay, Mate"]
[Result "0-1"]
[WhiteElo "2117"]
[BlackElo "2179"]
[PlyCount "110"]
[EventDate "2013.09.08"]
[EventType "team-tourn"]
[EventRounds "9"]
[EventCountry "HUN"]
[SourceTitle "EXT 2016"]
[Source "ChessBase"]
[SourceDate "2015.10.08"]
[SourceVersion "1"]
[SourceVersionDate "2015.10.08"]
[SourceQuality "1"]
[WhiteTeam "Decs 1990 II"]
[BlackTeam "Marcali"]
[WhiteTeamCountry "HUN"]
[BlackTeamCountry "HUN"]

1. d4 Nf6 2. c4 c5 3. d5 b5 4. cxb5 a6 5. b6 e6 6. Nc3 Nxd5 7. Nxd5 exd5 8. g3 Bb7 9. Bg2 Qxb6 10. Nf3 Be7 11. 0-0 0-0 12. a3 Bf6 13. Rb1 d4 14. Qc2 d5 15. Ng5 g6 16. Nh3 Nd7 17. Nf4 Qd6 18. h4 Bg7 19. Bd2 Rfc8 20. b3 Nf6 21. e3 Ne4 22. exd4 cxd4 23. Qd3 a5 24. Rfd1 Qxa3 25. Nxd5 Bxd5 26. Bxe4 Bxe4 27. Qxe4 Rab8 28. Qd5 Qc5 29. Qf3 Qb5 30. Re1 Re8 31. Rxe8+ Rxe8 32. Ra1 h5 33. Rxa5 Qe2 34. Qf4 Qd1+ 35. Kg2 Qxb3 36. Ra7 Qd5+ 37. Kh2 Rc8 38. Re7 Ra8 39. Re1 Rc8 40. Re7 Ra8 41. Qe4 Qxe4 42. Rxe4 Ra2 43. Be1 d3 44. Re8+ Kh7 45. Rd8 Re2 46. Bb4 Rxf2+ 47. Kg1 Rb2 48. Ba5 Ra2 49. Bb4 Ra4 50. Bc5 Ra1+ 51. Kf2 Ra2+ 52. Kf1 d2 53. Ke2 Bc3 54. Kd1 Ra1+ 55. Kc2 Rc1+ 0-1

[Event "HUN-chT2 Asztalos 1314"]
[Site "Hungary"]
[Date "2013.09.08"]
[Round "1"]
[White "Arbutina, Sinisa"]
[Black "Manfay, Mate"]
[Result "1/2-1/2"]
[WhiteElo "2281"]
[BlackElo "2179"]
[PlyCount "58"]
[EventDate "2013.09.08"]
[EventType "team-tourn"]
[EventRounds "9"]
[EventCountry "HUN"]
[SourceTitle "EXT 2016"]
[Source "ChessBase"]
[SourceDate "2015.10.08"]
[SourceVersion "1"]
[SourceVersionDate "2015.10.08"]
[SourceQuality "1"]
[WhiteTeam "Baja"]
[BlackTeam "Marcali"]
[WhiteTeamCountry "HUN"]
[BlackTeamCountry "HUN"]

1. d4 Nf6 2. c4 c5 3. d5 b5 4. cxb5 a6 5. b6 e6 6. Nc3 Nxd5 7. Nxd5 exd5 8. Qxd5 Nc6 9. e4 Be7 10. Bc4 0-0 11. Nf3 Qxb6 12. 0-0 d6 13. Qh5 Be6 14. Bd5 Bxd5 15. Qxd5 Nb4 16. Qd1 Rad8 17. Bd2 Bf6 18. Bc3 d5 19. e5 Be7 20. Qd2 Nc6 21. b3 d4 22. Bb2 Nb4 23. Ba3 Nd5 24. Rac1 Rfe8 25. Rc2 Nc3 26. Ra1 Bf8 27. Bb2 Nd5 28. Rc4 Qb5 29. Rac1 Nb6 1/2-1/2

[Event "HUN-chT2 Asztalos 1213"]
[Site "Hungary"]
[Date "2013.03.03"]
[Round "8.3"]
[White "Kele, Janos"]
[Black "Manfay, Mate"]
[Result "0-1"]
[WhiteElo "2085"]
[BlackElo "2145"]
[PlyCount "54"]
[EventDate "2012.09.16"]
[EventType "team-tourn"]
[EventRounds "9"]
[EventCountry "HUN"]
[SourceTitle "EXT 2014"]
[Source "ChessBase"]
[SourceDate "2013.11.20"]
[SourceVersion "1"]
[SourceVersionDate "2013.11.20"]
[SourceQuality "1"]
[WhiteTeam "Kaposvar Bastya"]
[BlackTeam "Marcali"]
[WhiteTeamCountry "HUN"]
[BlackTeamCountry "HUN"]

1. e4 e6 2. d4 d5 3. Nc3 Bb4 4. e5 c5 5. a3 Bxc3+ 6. bxc3 Qa5 7. Bd2 Qa4 8. Nf3 Nc6 9. dxc5 Nge7 10. Bd3 Qa5 11. 0-0 Qxc5 12. Re1 Bd7 13. Ng5 Ng6 14. Bxg6 hxg6 15. Qf3 Qe7 16. Nh3 Rh5 17. Qg3 Qh4 18. Qxh4 Rxh4 19. Bg5 Ra4 20. f3 Na5 21. Reb1 Rc8 22. Rb4 b6 23. Rxa4 Bxa4 24. Bd2 Bxc2 25. f4 Nb3 26. Ra2 Bb1 27. Rb2 Nxd2 0-1

[Event "HUN-chT2 Asztalos 1011"]
[Site "Hungary"]
[Date "2011.05.01"]
[Round "10.3"]
[White "Nadi, Ferenc"]
[Black "Manfay, Mate"]
[Result "1/2-1/2"]
[WhiteElo "2100"]
[BlackElo "2118"]
[PlyCount "64"]
[EventDate "2010.09.12"]
[EventType "team-tourn"]
[EventRounds "11"]
[EventCountry "HUN"]
[SourceTitle "EXT 2012"]
[Source "ChessBase"]
[SourceDate "2011.11.24"]
[SourceVersion "1"]
[SourceVersionDate "2011.11.24"]
[SourceQuality "1"]
[WhiteTeam "Szekesfehervar"]
[BlackTeam "Marcali"]
[WhiteTeamCountry "HUN"]
[BlackTeamCountry "HUN"]

1. d4 e6 2. c4 f5 3. Nf3 Nf6 4. g3 d5 5. Bg2 c6 6. 0-0 Bd6 7. b3 Qe7 8. Bb2 0-0 9. Nbd2 b6 10. Qc2 Bb7 11. Rac1 Nbd7 12. Ne5 Ne4 13. Nxd7 Qxd7 14. Nxe4 fxe4 15. f3 exf3 16. exf3 c5 17. f4 Rae8 18. Rfe1 Qf7 19. Qe2 Qg6 20. Qe3 Re7 21. Kh1 Rfe8 22. Qd2 Qh5 23. dxc5 bxc5 24. Be5 Bxe5 25. Rxe5 Qf7 26. cxd5 exd5 27. Bxd5 Bxd5+ 28. Qxd5 Rxe5 29. Qxf7+ Kxf7 30. fxe5 Rxe5 31. Rc2 Ke6 32. Kg2 g5 1/2-1/2

[Event "HUN-chT2 Asztalos 1011"]
[Site "Hungary"]
[Date "2010.10.10"]
[Round "3.3"]
[White "Drinoczi, Peter"]
[Black "Manfay, Mate"]
[Result "1/2-1/2"]
[WhiteElo "2125"]
[BlackElo "2118"]
[PlyCount "81"]
[EventDate "2010.09.12"]
[EventType "team-tourn"]
[EventRounds "11"]
[EventCountry "HUN"]
[SourceTitle "EXT 2012"]
[Source "ChessBase"]
[SourceDate "2011.11.24"]
[SourceVersion "1"]
[SourceVersionDate "2011.11.24"]
[SourceQuality "1"]
[WhiteTeam "Pannonpower II"]
[BlackTeam "Marcali"]
[WhiteTeamCountry "HUN"]
[BlackTeamCountry "HUN"]

1. e4 e6 2. d4 d5 3. e5 c5 4. c3 Nc6 5. Nf3 Bd7 6. a3 f6 7. exf6 Nxf6 8. Bd3 c4 9. Bc2 Qc7 10. 0-0 Bd6 11. Bg5 0-0-0 12. Nbd2 h6 13. Bh4 g5 14. Bg3 Bf4 15. b4 Ng4 16. Re1 Rdg8 17. b5 Ne7 18. Ne5 Nxe5 19. Rxe5 Ng6 20. Bxg6 Bxg3 21. hxg3 Rxg6 22. Rb1 b6 23. a4 Rf8 24. Rb4 Rgf6 25. f3 Rf5 26. Rxf5 exf5 27. Kf2 Re8 28. Nf1 Qd6 29. Qd2 f4 30. g4 Qg6 31. g3 h5 32. gxh5 Qxh5 33. g4 Qh4+ 34. Kg1 Rh8 35. Rb2 Qh1+ 36. Kf2 Qh4+ 37. Ke2 Re8+ 38. Kd1 Qh1 39. Qg2 Qh7 40. Qc2 Qh1 41. Qg2 1/2-1/2

[Event "HUN-chT2 Asztalos 1011"]
[Site "Hungary"]
[Date "2010.09.26"]
[Round "2.3"]
[White "Manfay, Mate"]
[Black "Ambrus, Lajos"]
[Result "1-0"]
[WhiteElo "2118"]
[BlackElo "1963"]
[PlyCount "47"]
[EventDate "2010.09.12"]
[EventType "team-tourn"]
[EventRounds "11"]
[EventCountry "HUN"]
[SourceTitle "EXT 2012"]
[Source "ChessBase"]
[SourceDate "2011.11.24"]
[SourceVersion "1"]
[SourceVersionDate "2011.11.24"]
[SourceQuality "1"]
[WhiteTeam "Marcali"]
[BlackTeam "Pecs Karmin"]
[WhiteTeamCountry "HUN"]
[BlackTeamCountry "HUN"]

1. e4 c5 2. Nf3 e6 3. d4 cxd4 4. Nxd4 a6 5. c4 Bc5 6. Nb3 Ba7 7. Be2 Nc6 8. 0-0 Nge7 9. Nc3 0-0 10. Bf4 Bb8 11. Bxb8 Rxb8 12. Qd6 f5 13. Rad1 fxe4 14. Nd4 Qb6 15. b3 e3 16. fxe3 g6 17. Rxf8+ Kxf8 18. c5 Qb4 19. Ne4 Nxd4 20. exd4 Ra8 21. a3 Qxb3 22. Rf1+ Ke8 23. Nf6+ Kd8 24. Nd5 1-0